| 000 | 00347nam a22001217a 4500 | ||
|---|---|---|---|
| 008 | 260225b ||||| |||| 00| 0 eng d | ||
| 041 | _aShqip | ||
| 080 | _a2.1 | ||
| 100 | _a20.1 | ||
| 101 | _ahis | ||
| 245 |
_aRoli dhe ndikimi i grupeve te interesit dhe grupeve per presion në institucionet dhe proceset politike _cAdem Shala |
||
| 942 |
_2udc _cBK |
||
| 999 |
_c60856 _d60856 |
||